000 00374 a2200133 4500
082 _a363.8
090 _c1263
_d1263
100 _aDil,Anwar
245 _aToward Eradicating Hunger and Poverty
_bLife and work of Per Pinstrup-Andersen
_cAnwar Dil
260 _aIslamabad
_bInter cultural Forum
_c2003
300 _a616p
500 _aHard cover
942 _aNBS
_cBK
_k363.8 DIL
999 _c343788
_d343788